[Event "NAYCC U16 w"]
[Site "Toronto CAN"]
[Date "2013.08.14"]
[Round "1"]
[White "Roque Sola, Gisela"]
[Black "Virkud, Apurva"]
[Result "0-1"]
[WhiteElo "1794"]
[BlackElo "2078"]
[PlyCount "82"]
[GameId "2160767909292568"]
[EventDate "2013.08.14"]
[EventType "swiss"]
[EventRounds "9"]
[EventCountry "CAN"]
[SourceTitle "EXT 2022"]
[Source "ChessBase"]
[SourceDate "2021.10.06"]
[SourceVersion "1"]
[SourceVersionDate "2021.10.06"]
[SourceQuality "1"]

1. c4 e6 2. Nf3 Nf6 3. g3 d5 4. d4 dxc4 5. Bg2 a6 6. O-O Nbd7 7. Nbd2 Nb6 8. Qc2 Be7 9. Nxc4 Nxc4 10. Qxc4 O-O 11. Bf4 Nd5 12. Rac1 Nxf4 13. gxf4 Bd6 14. e3 b5 15. Qc2 Ra7 16. Kh1 f6 17. Rg1 Bb7 18. Nd2 e5 19. Bxb7 Rxb7 20. dxe5 fxe5 21. fxe5 Bxe5 22. Qe4 c6 23. Nf3 Bxb2 24. Rxc6 Re7 25. Qc2 Qd5 26. e4 Qxe4 27. Qxe4 Rxe4 28. Ng5 Re2 29. Nh3 a5 30. Rc5 Bd4 31. Rxb5 Rxa2 32. Rb7 h6 33. Rg4 Bf6 34. Ra7 Rd8 35. Ra6 Kh7 36. Rc4 Rd7 37. Kg2 Ra3 38. Rc5 a4 39. Rc4 Rd4 40. Rc7 Rg4+ 41. Kf1 Kg6 0-1

[Event "NAYCC U16 w"]
[Site "Toronto CAN"]
[Date "2013.08.14"]
[Round "1"]
[White "Shao, Stephanie"]
[Black "Zhang, Manxuan (Rebecca)"]
[Result "1-0"]
[WhiteElo "1871"]
[BlackElo "1147"]
[PlyCount "131"]
[GameId "2160767909292569"]
[EventDate "2013.08.14"]
[EventType "swiss"]
[EventRounds "9"]
[EventCountry "CAN"]
[SourceTitle "hb 2013"]

1. e4 c5 2. Nc3 Nc6 3. f4 e6 4. Bb5 Nge7 5. Nf3 a6 6. Bxc6 Nxc6 7. O-O Be7 8. d3 O-O 9. Qe1 d5 10. Qg3 Bd7 11. exd5 Nd4 12. Nxd4 cxd4 13. dxe6 fxe6 14. Ne2 Bc6 15. Qg4 Qd7 16. b3 Rf6 17. Ng3 Rg6 18. Qh5 Rf8 19. Bd2 Rf5 20. Qe2 Bh4 21. Ne4 Qc7 22. Rac1 e5 23. fxe5 Qxe5 24. Rxf5 Qxf5 25. Rf1 Qe6 26. Bb4 Be7 27. Bxe7 Qxe7 28. Rf4 Qc7 29. Qf2 Qd8 30. Ng3 Rd6 31. Ne2 Rg6 32. Rxd4 Qc7 33. Ng3 h6 34. Rf4 Qe7 35. Ne4 Re6 36. Qd4 Kh7 37. Qf2 Bxe4 38. dxe4 Rxe4 39. Rxe4 Qxe4 40. Qd2 Qe7 41. Qd3+ g6 42. Kf2 Qf6+ 43. Qf3 Qd4+ 44. Qe3 Qf6+ 45. Ke2 Qf7 46. Qe4 h5 47. g3 Qc7 48. Kd1 Qd6+ 49. Kc1 Qc7 50. Qf4 Qxf4+ 51. gxf4 Kg7 52. Kd2 Kf6 53. Ke3 h4 54. c4 b6 55. b4 Ke6 56. a4 Kd6 57. Ke4 a5 58. bxa5 bxa5 59. h3 Kc5 60. Ke5 Kxc4 61. Kf6 Kd5 62. Kxg6 Ke6 63. f5+ Ke7 64. Kg7 Kd7 65. f6 Ke8 66. f7+ 1-0

[Event "NAYCC U16 w"]
[Site "Toronto CAN"]
[Date "2013.08.14"]
[Round "1"]
[White "Wang, Joie"]
[Black "Peng, Sarah"]
[Result "1-0"]
[WhiteElo "1819"]
[BlackElo "839"]
[PlyCount "139"]
[GameId "2160767909292570"]
[EventDate "2013.08.14"]
[EventType "swiss"]
[EventRounds "9"]
[EventCountry "CAN"]
[SourceTitle "hb 2013"]

1. e4 e5 2. Nf3 Nc6 3. Bc4 Bc5 4. b4 Bxb4 5. c3 Bc5 6. d4 exd4 7. O-O Nf6 8. cxd4 Bb4 9. Qb3 O-O 10. d5 Nd4 11. Nxd4 Bc5 12. Qd3 Re8 13. Bg5 h6 14. Bxf6 Qxf6 15. Nb3 Bd6 16. N1d2 Re5 17. Nf3 Rh5 18. Qd4 Be5 19. Nxe5 Rxe5 20. Nd2 Rg5 21. Qxf6 gxf6 22. Nf3 Rg4 23. Bd3 d6 24. Rac1 c5 25. dxc6 bxc6 26. Rxc6 Bb7 27. Rxd6 Bxe4 28. Bxe4 Rxe4 29. Rxf6 Kg7 30. Ra6 Re7 31. h3 Rg8 32. Re1 Rd7 33. Rc1 f6 34. Rc4 h5 35. Rca4 Kg6 36. Rxa7 Rd1+ 37. Kh2 Re8 38. g4 hxg4 39. Rxg4+ Kh6 40. Ra6 Rf8 41. a4 Ra1 42. Kg3 Rd1 43. a5 Rd5 44. Ra7 Re8 45. a6 Rd6 46. Kh4 Rd5 47. Rag7 Rh5+ 48. Kg3 Rg5 49. R7xg5 fxg5 50. Rxg5 Ra8 51. Ra5 Kg6 52. a7 Kf7 53. Kf4 Ke7 54. h4 Rf8+ 55. Kg4 Rg8+ 56. Kh5 Rh8+ 57. Kg6 Rg8+ 58. Kh7 Ra8 59. h5 Kf7 60. h6 Kf6 61. Ra6+ Kf7 62. Ng5+ Ke7 63. Kg7 Kd7 64. h7 Kc7 65. h8=Q Rxh8 66. Kxh8 Kb7 67. a8=Q+ Kc7 68. Qa7+ Kd8 69. Rb6 Ke8 70. Rb8# 1-0

[Event "NAYCC U16 w"]
[Site "Toronto CAN"]
[Date "2013.08.15"]
[Round "2"]
[White "Giblon, Rebecca"]
[Black "D'Alonzo, Jovanna"]
[Result "1-0"]
[WhiteElo "1783"]
[BlackElo "1137"]
[PlyCount "43"]
[GameId "2160767909292572"]
[EventDate "2013.08.14"]
[EventType "swiss"]
[EventRounds "9"]
[EventCountry "CAN"]
[SourceTitle "EXT 2022"]
[Source "ChessBase"]
[SourceDate "2021.10.06"]
[SourceVersion "1"]
[SourceVersionDate "2021.10.06"]
[SourceQuality "1"]

1. e4 c5 2. Nf3 d6 3. d4 cxd4 4. Nxd4 Nf6 5. Nc3 a6 6. Bg5 e6 7. f4 h6 8. Bh4 Nc6 9. Nxc6 bxc6 10. Qf3 Qb6 11. Rb1 Bb7 12. Bd3 Be7 13. Bf2 Qa5 14. O-O c5 15. Qg3 O-O 16. e5 Nd5 17. Ne4 dxe5 18. fxe5 Nb4 19. Be3 Bg5 20. Bxg5 hxg5 21. Nxg5 Nxd3 22. Qh4 1-0

[Event "NAYCC U16 w"]
[Site "Toronto CAN"]
[Date "2013.08.15"]
[Round "2"]
[White "Lu, Mandy"]
[Black "Wang, Joie"]
[Result "1-0"]
[WhiteElo "1923"]
[BlackElo "1819"]
[PlyCount "107"]
[GameId "2160767909292573"]
[EventDate "2013.08.14"]
[EventType "swiss"]
[EventRounds "9"]
[EventCountry "CAN"]
[SourceTitle "EXT 2022"]
[Source "ChessBase"]
[SourceDate "2021.10.06"]
[SourceVersion "1"]
[SourceVersionDate "2021.10.06"]
[SourceQuality "1"]

1. d4 d5 2. c4 c6 3. Nf3 Nf6 4. Nc3 Bf5 5. e3 e6 6. Be2 h6 7. O-O Nbd7 8. Bd2 Be7 9. Rc1 O-O 10. h3 Ne4 11. Nxe4 Bxe4 12. Ne1 Rc8 13. Qb3 Qb6 14. Qxb6 axb6 15. cxd5 Bxd5 16. a3 c5 17. Nf3 Nf6 18. dxc5 bxc5 19. Ba5 Bd8 20. Bxd8 Rfxd8 21. Rfd1 b6 22. Ne5 Kf8 23. f3 Ke7 24. Rd2 Bb7 25. Rcd1 Rd5 26. Nc4 Rxd2 27. Rxd2 Nd7 28. Rxd7+ Kxd7 29. Nxb6+ Kc7 30. Nxc8 Bxc8 31. Bb5 Kb6 32. Be8 f6 33. Kf2 e5 34. Kg3 g5 35. Kf2 Be6 36. g4 Bc4 37. Kg3 Be2 38. f4 e4 39. Kf2 Bd3 40. fxg5 fxg5 41. Kg3 Bc2 42. h4 c4 43. hxg5 hxg5 44. Kf2 Bd1 45. Bd7 Kc5 46. Ke1 Bb3 47. Kd2 Kd5 48. Kc3 Kc5 49. a4 Bd1 50. a5 Be2 51. a6 Kb6 52. Bc8 Ka7 53. Kd4 Kb8 54. Be6 1-0

[Event "NAYCC U16 w"]
[Site "Toronto CAN"]
[Date "2013.08.15"]
[Round "2"]
[White "Peng, Sarah"]
[Black "Fleurisca, Robesca Annase"]
[Result "1-0"]
[WhiteElo "839"]
[BlackElo "1165"]
[PlyCount "71"]
[GameId "2160767909292574"]
[EventDate "2013.08.14"]
[EventType "swiss"]
[EventRounds "9"]
[EventCountry "CAN"]
[SourceTitle "EXT 2022"]
[Source "ChessBase"]
[SourceDate "2021.10.06"]
[SourceVersion "1"]
[SourceVersionDate "2021.10.06"]
[SourceQuality "1"]

1. e4 e5 2. Nf3 Nc6 3. Bc4 Nf6 4. Nc3 Bc5 5. O-O d6 6. h3 O-O 7. d3 h6 8. a3 Nd4 9. Nxd4 Bxd4 10. Nb5 Bc5 11. b4 Bd4 12. c3 a6 13. Nxd4 exd4 14. cxd4 Bd7 15. e5 dxe5 16. dxe5 Ne8 17. Qf3 Bc6 18. Qg3 Bd5 19. Bxd5 Qxd5 20. Bxh6 Qe6 21. Bf4 Qg6 22. Qxg6 fxg6 23. Bg3 Rf5 24. Rae1 Rd8 25. Re3 Rd7 26. Rc1 c6 27. Rc4 Nc7 28. e6 Re7 29. Bd6 Re8 30. Bxc7 Rf6 31. e7 Kf7 32. Bd8 Rf5 33. g4 Rf6 34. Kg2 g5 35. Rd4 Rh6 36. Rd7 1-0

[Event "NAYCC U16 w"]
[Site "Toronto CAN"]
[Date "2013.08.15"]
[Round "2"]
[White "Sametova, Zhanna"]
[Black "Xiang, Ellen"]
[Result "1-0"]
[WhiteElo "1821"]
[BlackElo "2072"]
[PlyCount "131"]
[GameId "2160767909292575"]
[EventDate "2013.08.14"]
[EventType "swiss"]
[EventRounds "9"]
[EventCountry "CAN"]
[SourceTitle "EXT 2022"]
[Source "ChessBase"]
[SourceDate "2021.10.06"]
[SourceVersion "1"]
[SourceVersionDate "2021.10.06"]
[SourceQuality "1"]

1. e4 c5 2. Nf3 g6 3. d4 cxd4 4. Nxd4 Nc6 5. c4 Bg7 6. Be3 Nf6 7. Nc3 O-O 8. Be2 d6 9. O-O Bd7 10. f4 Nxd4 11. Bxd4 Bc6 12. Bf3 Nd7 13. b4 Bxd4+ 14. Qxd4 Qb6 15. Qxb6 Nxb6 16. Nd5 Bxd5 17. cxd5 Rac8 18. Rfc1 e6 19. dxe6 fxe6 20. Bg4 Kf7 21. a4 Ke7 22. g3 Nc4 23. Rc3 Rc6 24. Rac1 Rfc8 25. b5 Rc5 26. e5 d5 27. Be2 b6 28. Bxc4 dxc4 29. Kf2 Kf7 30. Ke3 g5 31. Ke4 Kg6 32. Rd1 gxf4 33. gxf4 R5c7 34. Rd6 Kf7 35. h3 Ke7 36. Kd4 Rd7 37. Rxd7+ Kxd7 38. Rxc4 Rg8 39. Rc3 Rg1 40. Ra3 Rf1 41. Ke3 Rg1 42. Kf2 Rg7 43. a5 Kc7 44. Rc3+ Kb7 45. a6+ Kb8 46. Rc6 Rg6 47. f5 exf5 48. Rxg6 hxg6 49. h4 Kc7 50. Kg3 Kd7 51. Kf3 Ke6 52. Kf4 Kd5 53. h5 gxh5 54. Kxf5 h4 55. e6 Kd6 56. Kf6 h3 57. e7 h2 58. e8=Q h1=Q 59. Qe7+ Kd5 60. Qb7+ Kc5 61. Qxh1 Kxb5 62. Qb7 Ka5 63. Qxa7 b5 64. Ke5 b4 65. Qc5+ Ka4 66. Qxb4+ 1-0

[Event "NAYCC U16 w"]
[Site "Toronto CAN"]
[Date "2013.08.15"]
[Round "2"]
[White "Virkud, Apurva"]
[Black "Shao, Stephanie"]
[Result "1-0"]
[WhiteElo "2078"]
[BlackElo "1871"]
[PlyCount "89"]
[GameId "2160767909292576"]
[EventDate "2013.08.14"]
[EventType "swiss"]
[EventRounds "9"]
[EventCountry "CAN"]
[SourceTitle "EXT 2022"]
[Source "ChessBase"]
[SourceDate "2021.10.06"]
[SourceVersion "1"]
[SourceVersionDate "2021.10.06"]
[SourceQuality "1"]

1. d4 d5 2. c4 e6 3. Nc3 Nf6 4. cxd5 exd5 5. Bg5 c6 6. e3 Be7 7. Bd3 Bg4 8. f3 Bh5 9. Nge2 Bg6 10. O-O O-O 11. Bxg6 hxg6 12. Qb3 Qd7 13. Rad1 Na6 14. Bxf6 Bxf6 15. e4 dxe4 16. fxe4 Rab8 17. e5 Bd8 18. Nf4 g5 19. e6 Qe7 20. exf7+ Qxf7 21. Ne6 Bf6 22. Nxf8 Qxb3 23. axb3 Rxf8 24. d5 cxd5 25. Nxd5 Nc5 26. b4 Na6 27. b5 Nc5 28. b4 Ne6 29. Nxf6+ gxf6 30. Rd7 Rf7 31. Rfd1 Nf8 32. Rxf7 Kxf7 33. Ra1 Ne6 34. Rxa7 Nd8 35. Kf2 Ke6 36. Ke3 f5 37. g3 Kd6 38. Ra8 Kc7 39. Rxd8 Kxd8 40. Kd4 Kc7 41. Ke5 Kb6 42. Kxf5 Kxb5 43. Kxg5 Kxb4 44. h4 b5 45. h5 1-0

[Event "NAYCC U16 w"]
[Site "Toronto CAN"]
[Date "2013.08.15"]
[Round "2"]
[White "Zhang, Manxuan (Rebecca)"]
[Black "Roque Sola, Gisela"]
[Result "0-1"]
[WhiteElo "1147"]
[BlackElo "1794"]
[PlyCount "92"]
[GameId "2160767909292577"]
[EventDate "2013.08.14"]
[EventType "swiss"]
[EventRounds "9"]
[EventCountry "CAN"]
[SourceTitle "EXT 2022"]
[Source "ChessBase"]
[SourceDate "2021.10.06"]
[SourceVersion "1"]
[SourceVersionDate "2021.10.06"]
[SourceQuality "1"]

1. e4 e6 2. f4 d5 3. e5 c5 4. Nf3 Nc6 5. c3 Nge7 6. Na3 a6 7. d4 Nf5 8. Be2 cxd4 9. cxd4 Qb6 10. Nc2 Bb4+ 11. Kf1 Bd7 12. a3 Bf8 13. b4 Na7 14. Bb2 Rc8 15. Kf2 Ba4 16. Rc1 a5 17. Qd2 Bxc2 18. Rxc2 Rxc2 19. Qxc2 axb4 20. Qb3 Nc6 21. Rd1 Qa7 22. axb4 Bxb4 23. Bb5 Be7 24. Bxc6+ bxc6 25. Ra1 Qc7 26. Ra8+ Bd8 27. Bc3 O-O 28. Ra6 c5 29. g4 Nxd4 30. Nxd4 cxd4 31. Bxd4 Bh4+ 32. Kg2 Rb8 33. Qa2 h6 34. Kh3 Bd8 35. Qf2 Be7 36. Ra2 Qc4 37. Rc2 Qd3+ 38. Kg2 Qe4+ 39. Kh3 Qd3+ 40. Kg2 Rb3 41. Rc1 Qe4+ 42. Kg1 Rf3 43. Qd2 Rxf4 44. h3 Qxd4+ 45. Qxd4 Rxd4 46. Kf2 Re4 0-1

[Event "NAYCC U16 w"]
[Site "Toronto CAN"]
[Date "2013.08.15"]
[Round "3"]
[White "D'Alonzo, Jovanna"]
[Black "Peng, Sarah"]
[Result "1-0"]
[WhiteElo "1137"]
[BlackElo "839"]
[PlyCount "81"]
[GameId "2160767909292578"]
[EventDate "2013.08.14"]
[EventType "swiss"]
[EventRounds "9"]
[EventCountry "CAN"]
[SourceTitle "EXT 2022"]
[Source "ChessBase"]
[SourceDate "2021.10.06"]
[SourceVersion "1"]
[SourceVersionDate "2021.10.06"]
[SourceQuality "1"]

1. c4 e5 2. Nc3 Bc5 3. g3 Nf6 4. Bg2 d6 5. d3 Bf5 6. Bxb7 Nbd7 7. Bxa8 Qxa8 8. Nf3 Ng4 9. O-O O-O 10. Nd5 Qd8 11. Be3 Bxe3 12. Nxe3 Nxe3 13. fxe3 Bh3 14. Rf2 Nf6 15. Ng5 Bd7 16. Ne4 Ng4 17. Rf3 Bc6 18. h3 Bxe4 19. dxe4 Nf6 20. Qc2 Qd7 21. g4 Re8 22. g5 Nh5 23. Raf1 Re6 24. Rxf7 Qxf7 25. Rxf7 Kxf7 26. h4 h6 27. Qa4 hxg5 28. Qd7+ Re7 29. Qf5+ Nf6 30. hxg5 g6 31. Qxf6+ Ke8 32. Qxg6+ Kd7 33. Qf5+ Kc6 34. g6 Rg7 35. Qf6 Rg8 36. g7 Rb8 37. Qe6 Rxb2 38. Qd5+ Kb6 39. g8=Q Rb1+ 40. Kf2 Rh1 41. Qb5# 1-0

[Event "NAYCC U16 w"]
[Site "Toronto CAN"]
[Date "2013.08.15"]
[Round "3"]
[White "Fleurisca, Robesca Annase"]
[Black "Zhang, Manxuan (Rebecca)"]
[Result "0-1"]
[WhiteElo "1165"]
[BlackElo "1147"]
[PlyCount "100"]
[GameId "2160767909292579"]
[EventDate "2013.08.14"]
[EventType "swiss"]
[EventRounds "9"]
[EventCountry "CAN"]
[SourceTitle "EXT 2022"]
[Source "ChessBase"]
[SourceDate "2021.10.06"]
[SourceVersion "1"]
[SourceVersionDate "2021.10.06"]
[SourceQuality "1"]

1. e4 c5 2. Nc3 Nc6 3. Nf3 e6 4. Bc4 Nge7 5. d3 d5 6. exd5 Nxd5 7. O-O Be7 8. a3 O-O 9. Qe2 a6 10. Qe4 Nf6 11. Qe2 b5 12. Bb3 Bb7 13. Be3 Nd4 14. Bxd4 cxd4 15. Ne4 Rc8 16. Rac1 Re8 17. c3 Nxe4 18. dxe4 dxc3 19. Rxc3 Rxc3 20. bxc3 Bxa3 21. Ne5 Qc7 22. c4 Qxe5 23. cxb5 axb5 24. Bc2 Rc8 25. g3 Qb2 26. Rb1 Qxc2 27. Qxb5 Qxb1+ 28. Qxb1 Rc1+ 29. Qxc1 Bxc1 30. f3 f5 31. Kg2 fxe4 32. fxe4 Bxe4+ 33. Kh3 Bg6 34. Kg4 e5 35. Kf3 e4+ 36. Ke2 Kf7 37. h3 Kf6 38. Kd1 Bh6 39. h4 Bh5+ 40. Ke1 e3 41. g4 Bxg4 42. Kf1 e2+ 43. Kf2 Bd2 44. Kg3 e1=Q+ 45. Kxg4 Qf2 46. Kh3 Qf3+ 47. Kh2 Bf4+ 48. Kg1 Bg3 49. h5 Qf2+ 50. Kh1 Qh2# 0-1

[Event "NAYCC U16 w"]
[Site "Toronto CAN"]
[Date "2013.08.15"]
[Round "3"]
[White "Lu, Mandy"]
[Black "Virkud, Apurva"]
[Result "1/2-1/2"]
[WhiteElo "1923"]
[BlackElo "2078"]
[PlyCount "55"]
[GameId "2160767909292580"]
[EventDate "2013.08.14"]
[EventType "swiss"]
[EventRounds "9"]
[EventCountry "CAN"]
[SourceTitle "EXT 2022"]
[Source "ChessBase"]
[SourceDate "2021.10.06"]
[SourceVersion "1"]
[SourceVersionDate "2021.10.06"]
[SourceQuality "1"]

1. d4 d5 2. c4 e6 3. Nf3 Nf6 4. g3 dxc4 5. Bg2 a6 6. O-O Nc6 7. e3 Rb8 8. Nfd2 Nd5 9. Nxc4 b5 10. Ncd2 Bb7 11. b3 Be7 12. Bb2 O-O 13. Nc3 Nxc3 14. Bxc3 Qd7 15. Qg4 f5 16. Qe2 Bf6 17. Rac1 Rfd8 18. Rfd1 Qe8 19. Rc2 Rdc8 20. Rdc1 Qd7 21. d5 Ne5 22. f4 Ng4 23. Bxf6 Nxf6 24. dxe6 Qxe6 25. Bxb7 Rxb7 26. Rc6 Qe7 27. Rxa6 Re8 28. Nf1 1/2-1/2

[Event "NAYCC U16 w"]
[Site "Toronto CAN"]
[Date "2013.08.15"]
[Round "3"]
[White "Shao, Stephanie"]
[Black "Sametova, Zhanna"]
[Result "1-0"]
[WhiteElo "1871"]
[BlackElo "1821"]
[PlyCount "67"]
[GameId "2160767909292581"]
[EventDate "2013.08.14"]
[EventType "swiss"]
[EventRounds "9"]
[EventCountry "CAN"]
[SourceTitle "EXT 2022"]
[Source "ChessBase"]
[SourceDate "2021.10.06"]
[SourceVersion "1"]
[SourceVersionDate "2021.10.06"]
[SourceQuality "1"]

1. e4 c5 2. Nc3 Nc6 3. f4 d6 4. Bb5 Bd7 5. Nf3 Nf6 6. d3 g6 7. O-O Bg7 8. Bxc6 Bxc6 9. Qe1 O-O 10. Qh4 c4 11. f5 Qb6+ 12. Kh1 cxd3 13. cxd3 Qa6 14. Bh6 Bxh6 15. Qxh6 Ng4 16. Qg5 Nf6 17. Qh6 Ng4 18. Qh4 Ne3 19. Qh6 Ng4 20. Qg5 Nf6 21. Rad1 Kg7 22. Qh4 h5 23. Qg5 Ng4 24. h3 Ne5 25. Nxe5 dxe5 26. fxg6 f6 27. Qxh5 Rh8 28. Qg4 Qb6 29. Qe6 Kxg6 30. Qxe7 Raf8 31. Rf3 Qxb2 32. Rg3+ Kh5 33. Rf1 Rhg8 34. Qh7# 1-0

[Event "NAYCC U16 w"]
[Site "Toronto CAN"]
[Date "2013.08.15"]
[Round "3"]
[White "Wang, Joie"]
[Black "Giblon, Rebecca"]
[Result "1/2-1/2"]
[WhiteElo "1819"]
[BlackElo "1783"]
[PlyCount "36"]
[GameId "2160767909292582"]
[EventDate "2013.08.14"]
[EventType "swiss"]
[EventRounds "9"]
[EventCountry "CAN"]
[SourceTitle "EXT 2022"]
[Source "ChessBase"]
[SourceDate "2021.10.06"]
[SourceVersion "1"]
[SourceVersionDate "2021.10.06"]
[SourceQuality "1"]

1. e4 e5 2. Nf3 Nc6 3. Bc4 Bc5 4. b4 Bxb4 5. c3 Ba5 6. d4 exd4 7. O-O Nf6 8. e5 d5 9. Bb5 Ne4 10. Ba3 Bb6 11. cxd4 Bd7 12. e6 fxe6 13. Bxc6 bxc6 14. Ne5 Qf6 15. Qa4 Rd8 16. Nxd7 Rxd7 17. Qxc6 Bxd4 18. Qa8+ Rd8 1/2-1/2

[Event "NAYCC U16 w"]
[Site "Toronto CAN"]
[Date "2013.08.15"]
[Round "3"]
[White "Xiang, Ellen"]
[Black "Roque Sola, Gisela"]
[Result "0-1"]
[WhiteElo "2072"]
[BlackElo "1794"]
[PlyCount "156"]
[GameId "2160767909292583"]
[EventDate "2013.08.14"]
[EventType "swiss"]
[EventRounds "9"]
[EventCountry "CAN"]
[SourceTitle "EXT 2022"]
[Source "ChessBase"]
[SourceDate "2021.10.06"]
[SourceVersion "1"]
[SourceVersionDate "2021.10.06"]
[SourceQuality "1"]

1. d4 e6 2. c4 Nf6 3. g3 Be7 4. Bg2 O-O 5. Nf3 d5 6. Qc2 b6 7. cxd5 Nxd5 8. a3 Bb7 9. e4 Nf6 10. Nc3 c5 11. dxc5 bxc5 12. O-O Nbd7 13. Rd1 Qc8 14. Bf4 Bc6 15. Ne5 Nxe5 16. Bxe5 Qb7 17. f3 Rfd8 18. Bf1 Nd7 19. Bd6 Bxd6 20. Rxd6 Ne5 21. Rxd8+ Rxd8 22. Kg2 f5 23. Re1 Rd4 24. Kf2 Qd7 25. Ke3 fxe4 26. Nxe4 Bxe4 27. fxe4 c4 28. h3 Rd6 29. Qc3 Qb5 30. Qb4 Qxb4 31. axb4 Rb6 32. Ra1 Rxb4 33. Kd4 Nf3+ 34. Kc5 Rxb2 35. Bxc4 Rc2 36. Kb4 Nd4 37. Rd1 Nc6+ 38. Kb3 Rg2 39. Bxe6+ Kf8 40. Rd3 Ke7 41. Bd5 Ne5 42. Rc3 Kd6 43. g4 Rf2 44. Bg8 h6 45. Bd5 Rf3 46. Ba8 Rxc3+ 47. Kxc3 Kc5 48. Bd5 Nf3 49. Bc4 Ng5 50. e5 Nxh3 51. e6 Kd6 52. Kd4 Ng5 53. Ba2 Nxe6+ 54. Ke4 g6 55. Bc4 a5 56. Bb5 a4 57. Bc4 a3 58. Kd3 Ke5 59. Kc3 Nd4 60. Kb4 Kf4 61. Bf7 g5 62. Kxa3 Kxg4 63. Kb2 h5 64. Kc3 Nf3 65. Be6+ Kg3 66. Kd3 h4 67. Ke3 Ne1 68. Ke2 Ng2 69. Kf1 Nf4 70. Bc8 h3 71. Bb7 h2 72. Bh1 Nd3 73. Bg2 Nf2 74. Bb7 h1=Q+ 75. Bxh1 Nxh1 76. Kg1 Nf2 77. Kf1 Kh2 78. Kxf2 g4 0-1

[Event "NAYCC U16 w"]
[Site "Toronto CAN"]
[Date "2013.08.16"]
[Round "4"]
[White "Fleurisca, Robesca Annase"]
[Black "D'Alonzo, Jovanna"]
[Result "0-1"]
[WhiteElo "1165"]
[BlackElo "1137"]
[PlyCount "63"]
[GameId "2160767909292584"]
[EventDate "2013.08.14"]
[EventType "swiss"]
[EventRounds "9"]
[EventCountry "CAN"]
[SourceTitle "EXT 2022"]
[Source "ChessBase"]
[SourceDate "2021.10.06"]
[SourceVersion "1"]
[SourceVersionDate "2021.10.06"]
[SourceQuality "1"]

1. e4 c5 2. Bc4 d6 3. Nc3 Nf6 4. Nf3 g6 5. d4 cxd4 6. Nxd4 a6 7. h3 Bg7 8. Bf4 O-O 9. Nf3 Qb6 10. Rb1 Qc6 11. Qd3 Nbd7 12. Nd5 Nxd5 13. Bxd5 Nc5 14. Qc4 Qb5 15. Qxb5 axb5 16. O-O Be6 17. Bxe6 fxe6 18. Ng5 Rxf4 19. g3 Rf6 20. a3 Bh6 21. h4 Bxg5 22. hxg5 Rf3 23. Rfe1 Raf8 24. Re2 Kg7 25. Rd1 h6 26. gxh6+ Kxh6 27. Rd4 e5 28. Rb4 Ne6 29. Rxb5 Nd4 30. Rxb7 Nxe2+ 31. Kg2 Rxf2+ 32. Kh3 0-1

[Event "NAYCC U16 w"]
[Site "Toronto CAN"]
[Date "2013.08.16"]
[Round "4"]
[White "Giblon, Rebecca"]
[Black "Zhang, Manxuan (Rebecca)"]
[Result "0-1"]
[WhiteElo "1783"]
[BlackElo "1147"]
[PlyCount "128"]
[GameId "2160767909292585"]
[EventDate "2013.08.14"]
[EventType "swiss"]
[EventRounds "9"]
[EventCountry "CAN"]
[SourceTitle "hb 2013"]

1. e4 c5 2. Nf3 Nc6 3. d4 cxd4 4. Nxd4 Qb6 5. Nb3 Nf6 6. Nc3 e6 7. Be3 Qc7 8. a3 a6 9. f4 d6 10. Qf3 Be7 11. O-O-O b5 12. Nd4 Bb7 13. Nxc6 Bxc6 14. Bd3 d5 15. exd5 Nxd5 16. Be4 Rc8 17. Nxd5 Bxd5 18. Rd2 Bxe4 19. Qxe4 O-O 20. Rhd1 Qc6 21. Qxc6 Rxc6 22. Rd7 Bf6 23. Bd4 Rfc8 24. c3 R6c7 25. Bxf6 gxf6 26. Rxc7 Rxc7 27. Rd8+ Kg7 28. Ra8 Rc6 29. Ra7 Kg6 30. Kd2 e5 31. Ke3 Re6 32. fxe5 fxe5 33. g3 f5 34. Rd7 h6 35. Rd5 Kg5 36. b3 Kg4 37. c4 bxc4 38. bxc4 Kh3 39. c5 Kxh2 40. Rd6 Re7 41. Rxh6+ Kxg3 42. Rg6+ Kh4 43. Rxa6 Rc7 44. Ra5 Kg4 45. Kd3 f4 46. c6 Rxc6 47. Rxe5 Ra6 48. Ke2 Rxa3 49. Re4 Kg3 50. Re8 f3+ 51. Kd1 Ra4 52. Rg8+ Rg4 53. Rf8 Rf4 54. Rg8+ Rg4 55. Rf8 Kf2 56. Re8 Rd4+ 57. Kc1 Rd3 58. Ra8 Re3 59. Kd1 Re1+ 60. Kd2 Kf1 61. Rg8 Re2+ 62. Kd1 Rg2 63. Rh8 Kg1 64. Rf8 f2 0-1

[Event "NAYCC U16 w"]
[Site "Toronto CAN"]
[Date "2013.08.16"]
[Round "4"]
[White "Peng, Sarah"]
[Black "Xiang, Ellen"]
[Result "0-1"]
[WhiteElo "839"]
[BlackElo "2072"]
[PlyCount "62"]
[GameId "2160767909292586"]
[EventDate "2013.08.14"]
[EventType "swiss"]
[EventRounds "9"]
[EventCountry "CAN"]
[SourceTitle "hb 2013"]

1. e4 c5 2. Bc4 g6 3. Nf3 Nc6 4. d3 Bg7 5. Nbd2 e6 6. Nb3 Nge7 7. Nxc5 Qa5+ 8. Bd2 Qxc5 9. b4 Nxb4 10. Rb1 Nbc6 11. Bb4 Nxb4 12. a3 Nbc6 13. a4 a6 14. O-O d5 15. exd5 Nxd5 16. Ng5 Nc3 17. Qf3 Qxg5 18. Rb3 Nd4 19. Qg3 Nce2+ 20. Kh1 Nxg3+ 21. fxg3 Nxb3 22. Bxb3 O-O 23. c4 Rd8 24. Bc2 b5 25. axb5 axb5 26. cxb5 Ra1 27. Bd1 Rxd3 28. Be2 Rxf1+ 29. Bxf1 Rd1 30. Kg1 Qe3+ 31. Kh1 Rxf1# 0-1

[Event "NAYCC U16 w"]
[Site "Toronto CAN"]
[Date "2013.08.16"]
[Round "4"]
[White "Roque Sola, Gisela"]
[Black "Lu, Mandy"]
[Result "1-0"]
[WhiteElo "1794"]
[BlackElo "1923"]
[PlyCount "93"]
[GameId "2160767909292587"]
[EventDate "2013.08.14"]
[EventType "swiss"]
[EventRounds "9"]
[EventCountry "CAN"]
[SourceTitle "EXT 2022"]
[Source "ChessBase"]
[SourceDate "2021.10.06"]
[SourceVersion "1"]
[SourceVersionDate "2021.10.06"]
[SourceQuality "1"]

1. c4 e5 2. Nc3 Nf6 3. Nf3 Nc6 4. g3 g6 5. Bg2 Bg7 6. O-O O-O 7. d3 d6 8. Rb1 Rb8 9. b4 Kh8 10. a4 Ng8 11. b5 Nce7 12. Ne1 f5 13. a5 Be6 14. Qb3 Qd7 15. Nc2 f4 16. Re1 Bh3 17. Bh1 Nf6 18. Nb4 Ng4 19. Ne4 Qf5 20. Bf3 Rf7 21. b6 axb6 22. axb6 Nc8 23. bxc7 Rxc7 24. Na6 bxa6 25. Qxb8 Qd7 26. Ba3 Nh6 27. Bxd6 Ra7 28. Bxe5 fxg3 29. hxg3 Nf7 30. Bxg7+ Kxg7 31. Qf4 Qe7 32. Bg4 g5 33. Qf5 Nh6 34. Qxc8 Bxg4 35. Qc5 Nf5 36. Qxe7+ Nxe7 37. Nxg5 Nc6 38. f3 Bc8 39. Kf2 Nd4 40. Rb8 Bd7 41. Reb1 Bc6 42. e3 Nf5 43. d4 Re7 44. d5 Kg6 45. Rg8+ Ng7 46. dxc6 Kxg5 47. Rb7 1-0

[Event "NAYCC U16 w"]
[Site "Toronto CAN"]
[Date "2013.08.16"]
[Round "4"]
[White "Virkud, Apurva"]
[Black "Sametova, Zhanna"]
[Result "1-0"]
[WhiteElo "2078"]
[BlackElo "1821"]
[PlyCount "91"]
[GameId "2160767909292588"]
[EventDate "2013.08.14"]
[EventType "swiss"]
[EventRounds "9"]
[EventCountry "CAN"]
[SourceTitle "hb 2013"]

1. d4 Nf6 2. c4 c5 3. d5 e6 4. Nc3 exd5 5. cxd5 d6 6. e4 g6 7. h3 Bg7 8. Nf3 O-O 9. Bd3 Re8 10. O-O c4 11. Bc2 Na6 12. Bg5 Bd7 13. Re1 Qc7 14. a4 Qb6 15. Rb1 Nb4 16. Be3 Qc7 17. Nd4 a6 18. Rc1 Nxc2 19. Qxc2 Qa5 20. f3 b5 21. axb5 axb5 22. b4 Qa6 23. Qb2 Nh5 24. Nde2 f5 25. Qc2 Nf6 26. Bd4 fxe4 27. fxe4 Re7 28. Rf1 Nh5 29. Bxg7 Kxg7 30. Rf3 Qb6+ 31. Kh2 g5 32. Qd2 h6 33. Rcf1 g4 34. R3f2 Ra1 35. Ng3 Rxf1 36. Nxh5+ Kg6 37. Nf4+ Kh7 38. Rxf1 Rg7 39. Nh5 Rg5 40. Nf6+ Kg7 41. Nxd7 Qa7 42. Qf4 g3+ 43. Kh1 Qxd7 44. Qf8+ Kg6 45. Rf6+ Kh5 46. Qxh6# 1-0